000 00409cam a2200169ua 4500
020 _c2.50
041 _amal
_h
082 _a894.8122
_bNAR/AN
100 _aNarayanan, Pillai .
245 _aAndapurathile koonan /
_cNarayanan Pillai.
_hTextual Documents
260 _aCalicut :
_bP K Brothers ,
_c1961.
300 _a198 ; .
365 _a2.50
504 _a
942 _cBK
999 _c6360
_d6360